| 000 | 00654nam a22002057a 4500 | ||
|---|---|---|---|
| 999 |
_c1349 _d1349 |
||
| 001 | 13805 | ||
| 003 | BD-DhUAP | ||
| 005 | 20200205183332.0 | ||
| 008 | 200205t20102008bg ||||| b||| 00| 0 eng d | ||
| 040 |
_aBD-DhUAP _bEng _cBD-DhUAP _dBD-DhUAP |
||
| 082 |
_223 _a343.54920994 UDD |
||
| 100 | _aUddin, Md. Borhan. | ||
| 245 |
_aPrinciples of cyber law and other related laws / _bMd. Borhan Uddin. |
||
| 260 |
_aDhaka : _bShams Publications, _cc2008 [2010]. |
||
| 300 |
_a[24], 552 pages ; _c22 cm. |
||
| 504 | _aIncludes bibliography. | ||
| 650 |
_aCybar law _zBangladesh. |
||
| 650 |
_aSoftware protection _vLaw and legislation _zBangladesh. |
||
| 942 |
_2ddc _cBK |
||